000 01208nam0a2200289 i 4500
001 RU\NLR\bibl\1989105
005 20260406014339.0
035 _a(NLR Aleph) 001977661
090 _a4044977
_c4044977
100 _a20130121d2012 u y0rusy50 ca
101 0 _arus
102 _aRU
105 _ac |||||||||
200 1 _aИ радость, и печаль
_e[стихи]
_fСветлана Томская
_g[Рос. Межрег. союз писателей]
210 _aСанкт-Петербург
_c[б. и.]
_d2012
215 _a223, [1] с.
_cпортр.
_d22
300 _aНа 4-й с. авт.: Светлана Сергеевна Томская (Тимофеева-Томская)
327 1 _aСодерж.: циклы: Мое кредо; Природная лирика; Петербург; Посвящения; Басни, шутки; Перестройка
686 _aШ6(2=Р)8-5
700 1 _4070
_8rus
_7ca
_aТомская
_bС. С.
_gСветлана Сергеевна
_3RU\NLR\auth\77119836
_9102761
801 0 _aRU
_bNLR
_c20130121
_gRCR
801 1 _aRU
_bNLR
_c20130121
830 _aавт. по кн.
942 _cBOOK
980 _aNBR